000 00403nam a2200157Ia 4500
008 240301s2023 xx 000 0 und d
020 _a9788126578511
041 _aeng
082 _a006.3/SHR/JOS
100 _aSHRINIVASARGHAVAN ANURADHA
245 _aMACHINE LEARNING
260 _aNEW DELHI
_bWILEY INDIA
_c2023
300 _a308
650 _aCOMPUTER ENGINEERING(CM)
700 _aJOSHEPH JINY
999 _c1149400
_d1149400